Environmental sanitation, wastewater treatment and disposal (Record no. 496)

000 -LEADER
fixed length control field 00680nam a22002417a 4500
001 - CONTROL NUMBER
control field 496
003 - CONTROL NUMBER IDENTIFIER
control field BD-DhUET
008 - FIXED-LENGTH DATA ELEMENTS--GENERAL INFORMATION
fixed length control field 140722b xxu||||| |||| 00| 0 eng d
020 ## - INTERNATIONAL STANDARD BOOK NUMBER
International Standard Book Number 9789848920169
040 ## - CATALOGING SOURCE
Transcribing agency 0
Modifying agency BD-DhUET
082 ## - DEWEY DECIMAL CLASSIFICATION NUMBER
Classification number 628
Item number TAN / 2013
100 ## - MAIN ENTRY--PERSONAL NAME
Personal name Tanveer Ferdous Saeed
245 ## - TITLE STATEMENT
Title Environmental sanitation, wastewater treatment and disposal
250 ## - EDITION STATEMENT
Edition statement 1st ed.
260 ## - PUBLICATION, DISTRIBUTION, ETC. (IMPRINT)
Place of publication, distribution, etc. Dhaka
Name of publisher, distributor, etc. University Grants Commission of Bangladesh
Date of publication, distribution, etc. 2013
300 ## - PHYSICAL DESCRIPTION
Extent xvi, 343p. :
504 ## - BIBLIOGRAPHY, ETC. NOTE
Bibliography, etc Includes bibliographies
650 #0 - SUBJECT ADDED ENTRY--TOPICAL TERM
Topical term or geographic name as entry element Environmental engineering
650 #0 - SUBJECT ADDED ENTRY--TOPICAL TERM
Topical term or geographic name as entry element Sanitation engineering
700 ## - ADDED ENTRY--PERSONAL NAME
Personal name Abdullah Al-Muyeed
700 ## - ADDED ENTRY--PERSONAL NAME
Personal name Tanvir Ahmed
942 ## - ADDED ENTRY ELEMENTS (KOHA)
Koha item type General Book
Holdings
Withdrawn status Koha issues (times borrowed) Source of classification or shelving scheme Date acquired Shelving location Copy number Koha date last seen Location (home branch) Koha date last borrowed Not for loan Damaged status Sublocation or collection (holding branch) Price effective from Koha item type Lost status Koha normalized classification for sorting Piece designation (barcode) Koha full call number
   2014-07-22Circulation section12014-07-22Central Library, BUET   Central Library, BUET2014-07-22General Book 628TAN2013112448628/TAN/2013
   2014-07-22Circulation section22016-11-16Central Library, BUET   Central Library, BUET2014-07-22General Book 628TAN2013112449628/TAN/2013
   2014-07-22Circulation section32014-07-22Central Library, BUET   Central Library, BUET2014-07-22General Book 628TAN2013112450628/TAN/2013
   2014-07-22Circulation section42014-07-22Central Library, BUET   Central Library, BUET2014-07-22General Book 628TAN2013112451628/TAN/2013
   2014-07-22Circulation section52014-07-22Central Library, BUET   Central Library, BUET2014-07-22General Book 628TAN2013112452628/TAN/2013
   2014-07-22Circulation section62016-10-18Central Library, BUET   Central Library, BUET2014-07-22General Book 628TAN2013112453628/TAN/2013
   2014-07-22Circulation section72016-01-18Central Library, BUET   Central Library, BUET2014-07-22General Book 628TAN2013112454628/TAN/2013
 1 2014-07-22Circulation section82020-02-23Central Library, BUET2020-02-18  Central Library, BUET2014-07-22General Book 628TAN2013112455628/TAN/2013
   2014-07-22Circulation section92014-07-22Central Library, BUET   Central Library, BUET2014-07-22General Book 628TAN2013112456628/TAN/2013
   2014-07-22Circulation section102016-12-03Central Library, BUET   Central Library, BUET2014-07-22General Book 628TAN2013112457628/TAN/2013